Most famous TDI ships - Statistics

General Stats
  • This quiz has been taken 9 times
  • The average score is 5 of 15
Answer Stats
Initials Answer % Correct
D x C Duncney
67%
G x T Gwent
67%
N x C Noco
50%
A x H Aleheather
33%
A x T Aletyler
33%
G x C Gwourtney
33%
L x T Lyler
33%
D x P Damiya
17%
B x G Gidgette
17%
K x D KJ
17%
M x J Mkulia
17%
N x E Nemma
17%
I x O Ozzy
17%
R x B Rajbow
17%
Z x M Zoke
17%
No matching quizzes found
Score Distribution
Percent of People with Each Score
Percentile by Number Answered
Your Score History
You have not taken this quiz